[Event "2nd Easter 4NCL Congress"]
[Site "Daventry"]
[Date "2022.04.16"]
[Round "3"]
[Board "3"]
[White "Bin-Suhayl, Ieysaa"]
[Black "Arkell, Keith C"]
[Result "1-0"]
[WhiteElo "2309"]
[BlackElo "2462"]
[PlyCount "0"]
[EventDate "2022.04.15"]
[EventRounds "7"]
[EventCountry "ENG"]

1. Nf3 {[%clk 01:30:53]} {[%emt 00:00:06]} d5 {[%clk 01:27:53]} {[%emt
00:03:08]} 2. d4 {[%clk 01:31:14]} {[%emt 00:00:10]} c5 {[%clk 01:27:50]}
{[%emt 00:00:32]} 3. c4 {[%clk 01:30:32]} {[%emt 00:01:12]} cxd4 {[%clk
01:28:15]} {[%emt 00:00:05]} 4. cxd5 {[%clk 01:28:04]} {[%emt 00:02:59]} Nf6
{[%clk 01:28:15]} {[%emt 00:00:29]} 5. Qxd4 {[%clk 01:25:40]} {[%emt 00:02:54]}
Qxd5 {[%clk 01:28:39]} {[%emt 00:00:07]} 6. Nc3 {[%clk 01:24:35]} {[%emt
00:01:34]} Qxd4 {[%clk 01:29:04]} {[%emt 00:00:05]} 7. Nxd4 {[%clk 01:25:02]}
{[%emt 00:00:03]} a6 {[%clk 01:29:22]} {[%emt 00:00:13]} 8. g3 {[%clk
01:22:09]} {[%emt 00:03:23]} e5 {[%clk 01:29:43]} {[%emt 00:00:08]} 9. Nb3
{[%clk 01:21:05]} {[%emt 00:01:35]} Bb4 {[%clk 01:29:46]} {[%emt 00:00:26]} 10.
Bg2 {[%clk 01:20:16]} {[%emt 00:01:18]} Nc6 {[%clk 01:29:56]} {[%emt 00:00:21]}
11. O-O {[%clk 01:18:18]} {[%emt 00:02:29]} Be6 {[%clk 01:30:13]} {[%emt
00:00:12]} 12. Bg5 {[%clk 01:16:45]} {[%emt 00:02:02]} Bxc3 {[%clk 01:27:54]}
{[%emt 00:02:50]} 13. bxc3 {[%clk 01:15:50]} {[%emt 00:01:25]} Bd5 {[%clk
01:01:32]} {[%emt 00:26:51]} 14. Bxf6 {[%clk 01:12:02]} {[%emt 00:04:18]} Bxg2
{[%clk 01:01:57]} {[%emt 00:00:06]} 15. Bxg7 {[%clk 01:12:17]} {[%emt
00:00:15]} Bxf1 {[%clk 01:02:22]} {[%emt 00:00:04]} 16. Bxh8 {[%clk 01:12:40]}
{[%emt 00:00:07]} Bxe2 {[%clk 01:02:36]} {[%emt 00:00:17]} 17. Re1 {[%clk
01:11:59]} {[%emt 00:01:10]} O-O-O {[%clk 00:59:52]} {[%emt 00:03:15]} 18. Bxe5
{[%clk 01:12:15]} {[%emt 00:00:14]} Rd1 {[%clk 00:59:44]} {[%emt 00:00:38]} 19.
Rxd1 {[%clk 01:12:38]} {[%emt 00:00:07]} Bxd1 {[%clk 01:00:10]} {[%emt
00:00:04]} 20. Bf4 {[%clk 01:10:06]} {[%emt 00:03:02]} Bxb3 {[%clk 00:59:45]}
{[%emt 00:00:55]} 21. axb3 {[%clk 01:10:32]} {[%emt 00:00:04]} Na5 {[%clk
01:00:10]} {[%emt 00:00:05]} 22. b4 {[%clk 01:10:47]} {[%emt 00:00:15]} Nc4
{[%clk 01:00:35]} {[%emt 00:00:05]} 23. Kg2 {[%clk 01:02:03]} {[%emt 00:09:14]}
Kd7 {[%clk 00:58:40]} {[%emt 00:02:25]} 24. Kf3 {[%clk 01:02:13]} {[%emt
00:00:20]} f5 {[%clk 00:58:50]} {[%emt 00:00:19]} 25. g4 {[%clk 00:49:34]}
{[%emt 00:13:09]} fxg4+ {[%clk 00:58:54]} {[%emt 00:00:27]} 26. Kxg4 {[%clk
00:50:03]} {[%emt 00:00:02]} Ke6 {[%clk 00:58:42]} {[%emt 00:00:41]} 27. Kg5
{[%clk 00:50:24]} {[%emt 00:00:09]} Kf7 {[%clk 00:58:47]} {[%emt 00:00:25]} 28.
Kf5 {[%clk 00:50:12]} {[%emt 00:00:41]} b6 {[%clk 00:54:24]} {[%emt 00:04:54]}
29. Ke4 {[%clk 00:50:27]} {[%emt 00:00:14]} Ke6 {[%clk 00:53:42]} {[%emt
00:01:13]} 30. Kd4 {[%clk 00:50:28]} {[%emt 00:00:28]} b5 {[%clk 00:46:20]}
{[%emt 00:07:53]} 31. Kc5 {[%clk 00:45:01]} {[%emt 00:05:57]} Nb2 {[%clk
00:46:21]} {[%emt 00:00:29]} 32. Kb6 {[%clk 00:44:10]} {[%emt 00:01:20]} Na4+
{[%clk 00:30:37]} {[%emt 00:16:15]} 33. Kxa6 {[%clk 00:44:34]} {[%emt
00:00:06]} Nxc3 {[%clk 00:31:02]} {[%emt 00:00:04]} 34. Bd2 {[%clk 00:44:39]}
{[%emt 00:00:21]} Ne4 {[%clk 00:30:47]} {[%emt 00:00:50]} 35. Be3 {[%clk
00:44:52]} {[%emt 00:00:16]} Nc3 {[%clk 00:28:29]} {[%emt 00:02:49]} 36. Bd4
{[%clk 00:44:56]} {[%emt 00:00:24]} Ne2 {[%clk 00:27:24]} {[%emt 00:01:37]} 37.
Bb2 {[%clk 00:45:13]} {[%emt 00:00:09]} Nf4 {[%clk 00:23:35]} {[%emt 00:04:23]}
38. Kxb5 {[%clk 00:45:22]} {[%emt 00:00:21]} Kd5 {[%clk 00:23:54]} {[%emt
00:00:10]} 39. Bg7 {[%clk 00:42:14]} {[%emt 00:03:37]} Nd3 {[%clk 00:24:08]}
{[%emt 00:00:17]} 40. f3 {[%clk 00:42:14]} {[%emt 00:00:30]} h5 {[%clk
00:23:06]} {[%emt 00:01:32]} 41. Bf8 {[%clk 00:40:34]} {[%emt 00:02:11]} h4
{[%clk 00:21:25]} {[%emt 00:02:11]} 42. Ka6 {[%clk 00:40:07]} {[%emt 00:00:57]}
Ne5 {[%clk 00:21:12]} {[%emt 00:00:42]} 43. b5 {[%clk 00:37:01]} {[%emt
00:03:37]} Nxf3 {[%clk 00:21:23]} {[%emt 00:00:19]} 44. b6 {[%clk 00:37:21]}
{[%emt 00:00:11]} Ne5 {[%clk 00:18:35]} {[%emt 00:03:17]} 45. b7 {[%clk
00:37:35]} {[%emt 00:00:16]}  1-0

[Event "2nd Easter 4NCL Congress"]
[Site "Daventry"]
[Date "2022.04.16"]
[Round "3"]
[Board "4"]
[White "Han, Yichen"]
[Black "Okhai, Shabir"]
[Result "1-0"]
[WhiteElo "2396"]
[BlackElo "2267"]
[PlyCount "0"]
[EventDate "2022.04.15"]
[EventRounds "7"]
[EventCountry "ENG"]

1. e4 {[%clk 01:30:45]} {[%emt 00:00:14]} e5 {[%clk 01:30:56]} {[%emt
00:00:05]} 2. Nf3 {[%clk 01:31:11]} {[%emt 00:00:04]} Nc6 {[%clk 01:31:23]}
{[%emt 00:00:03]} 3. Bb5 {[%clk 01:31:05]} {[%emt 00:00:37]} a6 {[%clk
01:31:47]} {[%emt 00:00:05]} 4. Ba4 {[%clk 01:31:31]} {[%emt 00:00:04]} Nf6
{[%clk 01:32:13]} {[%emt 00:00:03]} 5. O-O {[%clk 01:31:37]} {[%emt 00:00:25]}
Be7 {[%clk 01:32:40]} {[%emt 00:00:03]} 6. d3 {[%clk 01:31:57]} {[%emt
00:00:11]} b5 {[%clk 01:32:59]} {[%emt 00:00:10]} 7. Bb3 {[%clk 01:32:22]}
{[%emt 00:00:06]} d6 {[%clk 01:32:39]} {[%emt 00:00:49]} 8. a3 {[%clk
01:32:42]} {[%emt 00:00:10]} O-O {[%clk 01:32:27]} {[%emt 00:00:41]} 9. Nc3
{[%clk 01:32:53]} {[%emt 00:00:20]} Be6 {[%clk 01:32:20]} {[%emt 00:00:37]} 10.
Nd5 {[%clk 01:32:31]} {[%emt 00:00:51]} Na5 {[%clk 01:27:24]} {[%emt 00:05:28]}
11. Nxf6+ {[%clk 01:24:08]} {[%emt 00:08:53]} Bxf6 {[%clk 01:27:23]} {[%emt
00:00:30]} 12. Bxe6 {[%clk 01:24:24]} {[%emt 00:00:14]} fxe6 {[%clk 01:27:51]}
{[%emt 00:00:02]} 13. b4 {[%clk 01:23:39]} {[%emt 00:01:15]} Nc6 {[%clk
01:27:48]} {[%emt 00:00:33]} 14. c3 {[%clk 01:20:28]} {[%emt 00:03:41]} Qd7
{[%clk 01:27:05]} {[%emt 00:01:12]} 15. Be3 {[%clk 01:18:59]} {[%emt 00:01:59]}
Ne7 {[%clk 01:23:15]} {[%emt 00:04:20]} 16. Qb3 {[%clk 01:11:44]} {[%emt
00:07:45]} Ng6 {[%clk 01:20:42]} {[%emt 00:03:02]} 17. a4 {[%clk 01:09:25]}
{[%emt 00:02:50]} Rfb8 {[%clk 01:13:12]} {[%emt 00:07:59]} 18. Ra2 {[%clk
01:07:49]} {[%emt 00:02:07]} d5 {[%clk 01:06:19]} {[%emt 00:07:23]} 19. Rfa1
{[%clk 01:02:45]} {[%emt 00:05:34]} Qc6 {[%clk 01:06:05]} {[%emt 00:00:43]} 20.
Ra3 {[%clk 00:52:48]} {[%emt 00:10:27]} Kf7 {[%clk 00:57:19]} {[%emt 00:09:17]}
21. exd5 {[%clk 00:51:36]} {[%emt 00:01:42]} exd5 {[%clk 00:56:39]} {[%emt
00:01:10]} 22. Qa2 {[%clk 00:51:34]} {[%emt 00:00:31]} Ne7 {[%clk 00:46:49]}
{[%emt 00:10:20]} 23. Bc5 {[%clk 00:47:44]} {[%emt 00:04:20]} a5 {[%clk
00:44:10]} {[%emt 00:03:09]} 24. axb5 {[%clk 00:47:07]} {[%emt 00:01:08]} Rxb5
{[%clk 00:43:11]} {[%emt 00:01:29]} 25. d4 {[%clk 00:46:01]} {[%emt 00:01:36]}
exd4 {[%clk 00:37:59]} {[%emt 00:05:41]} 26. Nxd4 {[%clk 00:44:35]} {[%emt
00:01:57]} Bxd4 {[%clk 00:38:17]} {[%emt 00:00:11]} 27. cxd4 {[%clk 00:44:42]}
{[%emt 00:00:23]} Nf5 {[%clk 00:33:35]} {[%emt 00:05:12]} 28. Rf3 {[%clk
00:43:14]} {[%emt 00:01:57]}  1-0

[Event "2nd Easter 4NCL Congress"]
[Site "Daventry"]
[Date "2022.04.16"]
[Round "3"]
[Board "5"]
[White "Mccumiskey, Andrew P"]
[Black "Bezuidenhout, Roland"]
[Result "0-1"]
[WhiteElo "2109"]
[BlackElo "2332"]
[PlyCount "0"]
[EventDate "2022.04.15"]
[EventRounds "7"]
[EventCountry "ENG"]

1. d4 {[%clk 01:30:50]} {[%emt 00:00:09]} e6 {[%clk 01:29:41]} {[%emt
00:01:19]} 2. c4 {[%clk 01:30:47]} {[%emt 00:00:34]} Nf6 {[%clk 01:29:32]}
{[%emt 00:00:39]} 3. Nc3 {[%clk 01:31:01]} {[%emt 00:00:16]} Bb4 {[%clk
01:29:26]} {[%emt 00:00:36]} 4. Qc2 {[%clk 01:29:26]} {[%emt 00:02:05]} O-O
{[%clk 01:29:16]} {[%emt 00:00:39]} 5. Nf3 {[%clk 01:29:00]} {[%emt 00:00:57]}
d6 {[%clk 01:28:12]} {[%emt 00:01:33]} 6. Bg5 {[%clk 01:27:57]} {[%emt
00:01:33]} Nbd7 {[%clk 01:28:20]} {[%emt 00:00:22]} 7. e3 {[%clk 01:27:18]}
{[%emt 00:01:09]} h6 {[%clk 01:28:10]} {[%emt 00:00:40]} 8. Bh4 {[%clk
01:26:35]} {[%emt 00:01:13]} b6 {[%clk 01:27:06]} {[%emt 00:01:35]} 9. Bd3
{[%clk 01:24:47]} {[%emt 00:02:18]} Bb7 {[%clk 01:27:13]} {[%emt 00:00:23]} 10.
O-O {[%clk 01:24:24]} {[%emt 00:00:52]} Bxc3 {[%clk 01:25:09]} {[%emt
00:02:35]} 11. Qxc3 {[%clk 01:21:08]} {[%emt 00:03:46]} g5 {[%clk 01:17:48]}
{[%emt 00:07:50]} 12. Bg3 {[%clk 01:21:31]} {[%emt 00:00:07]} Ne4 {[%clk
01:17:41]} {[%emt 00:00:38]} 13. Bxe4 {[%clk 01:18:43]} {[%emt 00:03:18]} Bxe4
{[%clk 01:17:56]} {[%emt 00:00:15]} 14. Nd2 {[%clk 01:18:52]} {[%emt 00:00:21]}
Bg6 {[%clk 01:17:33]} {[%emt 00:00:52]} 15. e4 {[%clk 01:13:27]} {[%emt
00:05:55]} f5 {[%clk 01:12:36]} {[%emt 00:05:28]} 16. f3 {[%clk 01:12:19]}
{[%emt 00:01:38]} Qf6 {[%clk 01:03:27]} {[%emt 00:09:38]} 17. e5 {[%clk
01:05:56]} {[%emt 00:06:53]} Qg7 {[%clk 01:03:28]} {[%emt 00:00:29]} 18. f4
{[%clk 01:01:03]} {[%emt 00:05:23]} c5 {[%clk 01:01:28]} {[%emt 00:02:30]} 19.
Nb3 {[%clk 00:56:25]} {[%emt 00:05:08]} dxe5 {[%clk 00:54:17]} {[%emt
00:07:42]} 20. dxe5 {[%clk 00:56:10]} {[%emt 00:00:45]} Rad8 {[%clk 00:54:23]}
{[%emt 00:00:23]} 21. Rad1 {[%clk 00:55:41]} {[%emt 00:00:59]} Nb8 {[%clk
00:54:41]} {[%emt 00:00:12]} 22. Rd3 {[%clk 00:52:57]} {[%emt 00:03:14]} Bh5
{[%clk 00:53:28]} {[%emt 00:01:43]} 23. Rf2 {[%clk 00:52:36]} {[%emt 00:00:52]}
Nc6 {[%clk 00:53:01]} {[%emt 00:00:57]} 24. Rfd2 {[%clk 00:51:38]} {[%emt
00:01:28]} Rxd3 {[%clk 00:46:54]} {[%emt 00:06:36]} 25. Qxd3 {[%clk 00:45:56]}
{[%emt 00:06:12]} Rd8 {[%clk 00:43:01]} {[%emt 00:04:23]} 26. Qe3 {[%clk
00:43:45]} {[%emt 00:02:42]} Rxd2 {[%clk 00:41:33]} {[%emt 00:01:58]} 27. Qxd2
{[%clk 00:43:41]} {[%emt 00:00:33]} gxf4 {[%clk 00:40:19]} {[%emt 00:01:45]} 28.
Qxf4 {[%clk 00:41:36]} {[%emt 00:02:35]} Qg5 {[%clk 00:39:31]} {[%emt
00:01:17]} 29. a3 {[%clk 00:35:32]} {[%emt 00:06:35]} Bd1 {[%clk 00:38:11]}
{[%emt 00:01:49]} 30. Nd2 {[%clk 00:34:46]} {[%emt 00:01:16]} Nd4 {[%clk
00:37:37]} {[%emt 00:01:03]} 31. Kf1 {[%clk 00:32:17]} {[%emt 00:02:59]} Kg7
{[%clk 00:35:28]} {[%emt 00:02:40]} 32. Ke1 {[%clk 00:30:12]} {[%emt 00:02:34]}
Qh5 {[%clk 00:33:12]} {[%emt 00:02:46]} 33. Qf2 {[%clk 00:28:14]} {[%emt
00:02:28]} Be2 {[%clk 00:29:54]} {[%emt 00:03:48]} 34. Nf3 {[%clk 00:22:15]}
{[%emt 00:06:29]} Bxf3 {[%clk 00:29:35]} {[%emt 00:00:50]} 35. gxf3 {[%clk
00:22:34]} {[%emt 00:00:11]} Nxf3+ {[%clk 00:28:58]} {[%emt 00:01:06]} 36. Kf1
{[%clk 00:22:26]} {[%emt 00:00:39]} Qh3+ {[%clk 00:29:10]} {[%emt 00:00:17]} 37.
Ke2 {[%clk 00:22:37]} {[%emt 00:00:19]} Ng5 {[%clk 00:29:01]} {[%emt 00:00:38]}
38. b3 {[%clk 00:17:57]} {[%emt 00:05:11]} Qg4+ {[%clk 00:26:32]} {[%emt
00:02:59]} 39. Ke1 {[%clk 00:15:49]} {[%emt 00:02:38]} Qe4+ {[%clk 00:25:09]}
{[%emt 00:01:52]} 40. Kd2 {[%clk 00:15:11]} {[%emt 00:01:10]} Nf3+ {[%clk
00:20:44]} {[%emt 00:04:54]} 41. Kc1 {[%clk 00:14:06]} {[%emt 00:01:35]} f4
{[%clk 00:20:10]} {[%emt 00:01:04]} 42. Bh4 {[%clk 00:13:53]} {[%emt 00:00:43]}
Qe3+ {[%clk 00:20:20]} {[%emt 00:00:21]} 43. Qxe3 {[%clk 00:14:13]} {[%emt
00:00:10]} fxe3 {[%clk 00:20:45]} {[%emt 00:00:04]} 44. Bf6+ {[%clk 00:14:29]}
{[%emt 00:00:14]} Kg6 {[%clk 00:21:09]} {[%emt 00:00:07]} 45. Kd1 {[%clk
00:14:51]} {[%emt 00:00:07]} Kf5 {[%clk 00:21:18]} {[%emt 00:00:21]} 46. Ke2
{[%clk 00:13:26]} {[%emt 00:01:55]} Ke4 {[%clk 00:21:34]} {[%emt 00:00:14]} 47.
Bg7 {[%clk 00:13:11]} {[%emt 00:00:46]} Nd4+ {[%clk 00:21:44]} {[%emt
00:00:20]} 48. Ke1 {[%clk 00:13:03]} {[%emt 00:00:38]} Kd3 {[%clk 00:21:53]}
{[%emt 00:00:20]}  0-1

[Event "2nd Easter 4NCL Congress"]
[Site "Daventry"]
[Date "2022.04.16"]
[Round "3"]
[Board "6"]
[White "Nelson, Omowale A"]
[Black "Dignam, Matthew P"]
[Result "0-1"]
[WhiteElo "2000"]
[BlackElo "2314"]
[PlyCount "0"]
[EventDate "2022.04.15"]
[EventRounds "7"]
[EventCountry "ENG"]

1. d4 {[%clk 01:30:30]} {[%emt 00:38:51]} Nf6 {[%clk 01:27:45]} {[%emt
00:03:22]} 2. c4 {[%clk 01:31:21]} {[%emt 00:00:10]} g6 {[%clk 01:27:22]}
{[%emt 00:00:53]} 3. Nc3 {[%clk 01:31:15]} {[%emt 00:00:36]} Bg7 {[%clk
01:27:37]} {[%emt 00:00:14]} 4. e4 {[%clk 01:31:38]} {[%emt 00:00:08]} d6
{[%clk 01:27:20]} {[%emt 00:00:46]} 5. Nf3 {[%clk 01:31:39]} {[%emt 00:00:29]}
O-O {[%clk 01:27:23]} {[%emt 00:00:27]} 6. h3 {[%clk 01:31:59]} {[%emt
00:00:10]} a5 {[%clk 01:24:00]} {[%emt 00:03:52]} 7. Be3 {[%clk 01:31:30]}
{[%emt 00:01:00]} Nbd7 {[%clk 01:20:59]} {[%emt 00:03:31]} 8. Be2 {[%clk
01:31:20]} {[%emt 00:00:41]} e5 {[%clk 01:20:34]} {[%emt 00:00:54]} 9. d5
{[%clk 01:29:40]} {[%emt 00:02:11]} Nh5 {[%clk 01:15:56]} {[%emt 00:05:07]} 10.
g3 {[%clk 01:26:06]} {[%emt 00:04:05]} h6 {[%clk 01:11:38]} {[%emt 00:04:47]}
11. Qd2 {[%clk 01:23:53]} {[%emt 00:02:44]} Kh7 {[%clk 01:10:26]} {[%emt
00:01:40]} 12. Nh2 {[%clk 01:17:56]} {[%emt 00:06:28]} Nhf6 {[%clk 01:03:14]}
{[%emt 00:07:42]} 13. g4 {[%clk 01:14:40]} {[%emt 00:03:46]} Nc5 {[%clk
00:59:05]} {[%emt 00:04:39]} 14. f3 {[%clk 01:10:46]} {[%emt 00:04:25]} Ne8
{[%clk 00:54:18]} {[%emt 00:05:16]} 15. O-O-O {[%clk 00:58:26]} {[%emt
00:12:51]} a4 {[%clk 00:50:12]} {[%emt 00:04:35]} 16. Nf1 {[%clk 00:57:12]}
{[%emt 00:01:44]} Qe7 {[%clk 00:34:37]} {[%emt 00:16:05]} 17. Ng3 {[%clk
00:55:29]} {[%emt 00:02:14]} Bd7 {[%clk 00:31:00]} {[%emt 00:04:06]} 18. Rdf1
{[%clk 00:48:06]} {[%emt 00:07:54]} c6 {[%clk 00:28:00]} {[%emt 00:03:27]} 19.
Kb1 {[%clk 00:46:09]} {[%emt 00:02:30]} Rb8 {[%clk 00:25:10]} {[%emt 00:03:20]}
20. Rd1 {[%clk 00:41:51]} {[%emt 00:04:48]} a3 {[%clk 00:22:20]} {[%emt
00:03:19]} 21. b3 {[%clk 00:40:29]} {[%emt 00:01:52]} Na6 {[%clk 00:17:20]}
{[%emt 00:05:31]} 22. dxc6 {[%clk 00:34:30]} {[%emt 00:06:29]} Bxc6 {[%clk
00:14:27]} {[%emt 00:03:22]} 23. Nb5 {[%clk 00:28:17]} {[%emt 00:06:45]} Bxb5
{[%clk 00:11:32]} {[%emt 00:03:24]} 24. cxb5 {[%clk 00:28:45]} {[%emt
00:00:03]} Nac7 {[%clk 00:11:32]} {[%emt 00:00:29]} 25. Qb4 {[%clk 00:26:52]}
{[%emt 00:02:24]} Ra8 {[%clk 00:06:30]} {[%emt 00:05:32]} 26. h4 {[%clk
00:25:59]} {[%emt 00:01:21]} Ne6 {[%clk 00:06:01]} {[%emt 00:00:59]} 27. Bc1
{[%clk 00:17:16]} {[%emt 00:09:14]} Nd4 {[%clk 00:05:23]} {[%emt 00:01:08]} 28.
Bxa3 {[%clk 00:16:52]} {[%emt 00:00:54]} Qc7 {[%clk 00:03:07]} {[%emt
00:02:46]} 29. Rc1 {[%clk 00:16:39]} {[%emt 00:00:44]} Qb6 {[%clk 00:03:28]}
{[%emt 00:00:08]} 30. Bb2 {[%clk 00:16:38]} {[%emt 00:00:32]} Nc7 {[%clk
00:03:40]} {[%emt 00:00:18]} 31. Bxd4 {[%clk 00:12:09]} {[%emt 00:04:59]} exd4
{[%clk 00:04:03]} {[%emt 00:00:07]} 32. Bd3 {[%clk 00:12:14]} {[%emt 00:00:25]}
Ne6 {[%clk 00:03:42]} {[%emt 00:00:51]} 33. Ne2 {[%clk 00:11:45]} {[%emt
00:00:59]} Nc5 {[%clk 00:03:55]} {[%emt 00:00:17]} 34. Nf4 {[%clk 00:10:57]}
{[%emt 00:01:17]} Be5 {[%clk 00:04:06]} {[%emt 00:00:20]} 35. Nd5 {[%clk
00:04:17]} {[%emt 00:07:11]} Qa7 {[%clk 00:03:55]} {[%emt 00:00:40]} 36. Rxc5
{[%clk 00:03:07]} {[%emt 00:01:40]} Qxa2+ {[%clk 00:03:54]} {[%emt 00:00:31]}
37. Kc1 {[%clk 00:03:36]} {[%emt 00:00:01]} dxc5 {[%clk 00:04:05]} {[%emt
00:00:19]} 38. Qc4 {[%clk 00:03:22]} {[%emt 00:00:44]} Qa1+ {[%clk 00:02:24]}
{[%emt 00:02:11]} 39. Bb1 {[%clk 00:03:42]} {[%emt 00:00:10]} Ra2 {[%clk
00:02:40]} {[%emt 00:00:15]} 40. Qd3 {[%clk 00:03:27]} {[%emt 00:00:43]} Qb2+
{[%clk 00:02:52]} {[%emt 00:00:19]} 41. Kd1 {[%clk 00:03:50]} {[%emt 00:00:07]}
Ra1 {[%clk 00:03:08]} {[%emt 00:00:15]}  0-1

[Event "2nd Easter 4NCL Congress"]
[Site "Daventry"]
[Date "2022.04.16"]
[Round "3"]
[Board "7"]
[White "White, Stuart A"]
[Black "Boswell, Jacob Connor"]
[Result "0-1"]
[WhiteElo "2097"]
[BlackElo "2206"]
[PlyCount "0"]
[EventDate "2022.04.15"]
[EventRounds "7"]
[EventCountry "ENG"]

1. d4 {[%clk 01:30:59]} {[%emt 00:48:50]} Nf6 {[%clk 01:30:54]} {[%emt
00:00:07]} 2. c4 {[%clk 01:31:23]} {[%emt 00:00:06]} e6 {[%clk 01:31:18]}
{[%emt 00:00:05]} 3. Nf3 {[%clk 01:31:43]} {[%emt 00:00:11]} d5 {[%clk
01:31:38]} {[%emt 00:00:09]} 4. Nc3 {[%clk 01:32:04]} {[%emt 00:00:10]} dxc4
{[%clk 01:32:01]} {[%emt 00:00:07]} 5. e4 {[%clk 01:32:24]} {[%emt 00:00:10]}
b5 {[%clk 01:32:23]} {[%emt 00:00:07]} 6. e5 {[%clk 01:32:16]} {[%emt
00:00:39]} Nd5 {[%clk 01:32:43]} {[%emt 00:00:10]} 7. Nxb5 {[%clk 01:32:11]}
{[%emt 00:00:35]} Nb6 {[%clk 01:33:06]} {[%emt 00:00:06]} 8. Be2 {[%clk
01:27:04]} {[%emt 00:05:37]} Nc6 {[%clk 01:33:22]} {[%emt 00:00:15]} 9. O-O
{[%clk 01:25:45]} {[%emt 00:01:48]} Be7 {[%clk 01:33:46]} {[%emt 00:00:06]} 10.
Be3 {[%clk 01:23:47]} {[%emt 00:02:28]} O-O {[%clk 01:32:05]} {[%emt 00:02:12]}
11. Qc1 {[%clk 01:21:27]} {[%emt 00:02:50]} Ba6 {[%clk 01:25:51]} {[%emt
00:06:44]} 12. Nc3 {[%clk 01:17:49]} {[%emt 00:04:08]} Nb4 {[%clk 01:22:12]}
{[%emt 00:04:08]} 13. Rd1 {[%clk 01:05:45]} {[%emt 00:12:35]} Qc8 {[%clk
01:01:26]} {[%emt 00:21:17]} 14. a3 {[%clk 00:56:40]} {[%emt 00:09:34]} Nc6
{[%emt 00:06:34]} 15. Qc2 {[%clk 00:53:16]} {[%emt 00:03:51]} Rd8 {[%clk
00:53:33]} {[%emt 00:02:22]} 16. Qe4 {[%clk 00:46:54]} {[%emt 00:06:51]} Nd5
{[%clk 00:42:30]} {[%emt 00:11:33]} 17. Ng5 {[%clk 00:40:27]} {[%emt 00:06:58]}
Bxg5 {[%clk 00:42:17]} {[%emt 00:00:42]} 18. Bxg5 {[%clk 00:40:49]} {[%emt
00:00:08]} Nce7 {[%clk 00:32:58]} {[%emt 00:09:49]} 19. Qg4 {[%clk 00:27:56]}
{[%emt 00:13:22]} Nxc3 {[%clk 00:31:01]} {[%emt 00:02:28]} 20. bxc3 {[%clk
00:27:33]} {[%emt 00:00:53]} Rd7 {[%clk 00:28:09]} {[%emt 00:03:22]} 21. Bxe7
{[%clk 00:19:48]} {[%emt 00:08:16]} Rxe7 {[%clk 00:28:28]} {[%emt 00:00:08]} 22.
Rab1 {[%clk 00:18:39]} {[%emt 00:01:41]} Rb8 {[%clk 00:25:28]} {[%emt
00:03:31]} 23. Rb4 {[%clk 00:17:24]} {[%emt 00:01:45]} Re8 {[%clk 00:20:45]}
{[%emt 00:05:13]} 24. Rdb1 {[%clk 00:17:08]} {[%emt 00:00:46]} Rb6 {[%clk
00:20:27]} {[%emt 00:00:47]} 25. Bf3 {[%clk 00:15:17]} {[%emt 00:02:22]} Bb7
{[%clk 00:19:09]} {[%emt 00:01:48]} 26. Be4 {[%clk 00:12:44]} {[%emt 00:03:02]}
Bxe4 {[%clk 00:18:21]} {[%emt 00:01:18]} 27. Qxe4 {[%clk 00:13:10]} {[%emt
00:00:05]} Qa6 {[%clk 00:18:17]} {[%emt 00:00:33]} 28. Rxb6 {[%clk 00:09:45]}
{[%emt 00:03:56]} cxb6 {[%clk 00:16:33]} {[%emt 00:02:14]} 29. Qc6 {[%clk
00:10:04]} {[%emt 00:00:10]} Rd8 {[%clk 00:14:09]} {[%emt 00:02:54]} 30. a4
{[%clk 00:08:45]} {[%emt 00:01:50]} Qc8 {[%clk 00:13:31]} {[%emt 00:01:07]} 31.
Qb5 {[%clk 00:08:20]} {[%emt 00:00:54]} Rd5 {[%clk 00:13:48]} {[%emt 00:00:14]}
32. Qb4 {[%clk 00:08:05]} {[%emt 00:00:45]} h6 {[%clk 00:11:55]} {[%emt
00:02:24]} 33. h4 {[%clk 00:07:20]} {[%emt 00:01:15]} Ra5 {[%clk 00:11:12]}
{[%emt 00:01:13]} 34. Qa3 {[%clk 00:05:59]} {[%emt 00:01:50]} Qc6 {[%clk
00:06:24]} {[%emt 00:05:18]} 35. Rb4 {[%clk 00:04:00]} {[%emt 00:02:29]} Qe4
{[%clk 00:06:38]} {[%emt 00:00:16]} 36. Rxc4 {[%clk 00:01:44]} {[%emt
00:02:46]} Qe1+ {[%clk 00:07:00]} {[%emt 00:00:08]} 37. Kh2 {[%clk 00:02:10]}
{[%emt 00:00:04]} Qxf2 {[%clk 00:07:20]} {[%emt 00:00:10]} 38. Rc8+ {[%clk
00:01:48]} {[%emt 00:00:53]} Kh7 {[%clk 00:07:45]} {[%emt 00:00:05]} 39. Qc1
{[%clk 00:00:52]} {[%emt 00:01:25]} Qxh4+ {[%clk 00:07:39]} {[%emt 00:00:37]}
40. Kg1 {[%clk 00:01:15]} {[%emt 00:00:06]} Qe4 {[%clk 00:07:47]} {[%emt
00:00:21]} 41. Qa3 {[%clk 00:00:43]} {[%emt 00:01:04]} b5 {[%clk 00:07:05]}
{[%emt 00:01:12]} 42. Qe7 {[%clk 00:00:38]} {[%emt 00:00:34]} Rxa4 {[%clk
00:06:52]} {[%emt 00:00:43]}  0-1